000 00586nam a2200181Ia 4500
005 20250508153523.0
008 008 250505s9999 xx 000 0 hin d
037 _aBooks to be hide in OPAC
040 _aFEDL
_beng
_cFEDL
041 _ahin
_2hin
084 _a375, PRA/O
_qFEDL
245 0 _aPrathmik tatha purv-madhyamik shalaon ke liye pathyakrem, 2 Bhag
245 0 _cIndia. Education, (Ministry of ...)
260 _aBhopal, India
_bMinistry of Education
_c1958
546 _aAcc. No. 26645 is weeded out
942 _cHB
_h375, PRA/O
999 _c1343461
_d1343461